00391nam a2200109Ia 4500008004100000100002100041245008500062260003900147300001200186650001500198856006800213160712s9999 xx 000 0 und d aSupango, Vivien. cVivien SupangcoaStrategic HR Practices in Some Organizations in the Philippines c2012bPhilippine Management Review avol. 19 xMANAGEMENT uhttp://journals.upd.edu.ph/index.php/pmr/issue/view/306/showToc